000 00738nam a2200193Ia 4500
003 GCL
005 20240530110529.0
008 140319s9999 xx 000 0 ara d
040 _aGCL /
_cGCL
082 0 4 _221
_a920.71\
_bف ت
100 1 _aابن الفرضى : ابوالوليد عبدالله بن محمد بن يوسف بن نصر الازدى
245 1 0 _aتاريخ علماء الاندلس /
_cابن الفرضى : ابوالوليد عبدالله بن محمد بن يوسف بن نصر الازدى
260 _a[S.N] :
_bدار الكتاب المصرى
300 _aمتعدد
490 _aسلسلة اللغات للمسافر
_v0
650 0 4 _aالعلماء
650 0 4 _aالاندلس
942 _2ddc
_cREF
999 _c62053
_d62053